000 00452nam a2200169Ia 4500
003 GCL
008 140319s9999 xx 000 0 ara d
040 _aGCL /
_cGCL
082 0 4 _a813.03
_bن س
100 1 _aنجيب محفوظ
245 1 0 _aالسهم /
_cنجيب محفوظ
300 _a294 ص
490 _aسلسلة مكتبة الاسرة
_v0
650 0 4 _aالادب العربى
650 0 4 _aالقصص العربية
942 _2ddc
_cBK
999 _c50164
_d50164